[Event "Brasil op etapa 3rd"]
[Site "Vitoria"]
[Date "2002.03.29"]
[Round "3.18"]
[White "Viana, Alexsandro Sampaio"]
[Black "Silva, Hadenylton Pedrosa"]
[Result "1-0"]
[WhiteElo "1825"]
[BlackElo "1788"]
[PlyCount "89"]
[EventDate "2002.03.28"]
[EventType "swiss"]
[EventRounds "7"]
[EventCountry "BRA"]
[SourceTitle "CBM 087 Extra"]
[Source "ChessBase"]
[SourceDate "2002.05.03"]
[SourceVersion "2"]
[SourceVersionDate "2002.08.09"]
[SourceQuality "1"]

1. e4 e5 2. Nf3 Nc6 3. Bc4 Bc5 4. b4 Bxb4 5. c3 Ba5 6. d4 f6 7. Qb3 Nge7 8. Bf7+ Kf8 9. Ba3 d6 10. 0-0 Bb6 11. Bd5 Na5 12. Qc2 Nxd5 13. exd5 Nc4 14. Bc1 Bg4 15. Qd3 Na5 16. dxe5 dxe5 17. Ba3+ Kf7 18. Nbd2 Bd7 19. c4 a6 20. c5 Ba7 21. d6 Bb5 22. Qd5+ Kf8 23. Rfe1 Bc6 24. Qd3 Qd7 25. Ne4 Bxe4 26. Qxe4 Nc6 27. Rad1 b5 28. cxb6 cxb6 29. Qd5 Rc8 30. Rc1 g6 31. Rc2 Kg7 32. Rec1 Nd4 33. Rc7 Ne2+ 34. Kf1 Nxc1 35. Rxd7+ Kh6 36. Qd2+ g5 37. Bxc1 Bb8 38. h4 Rhg8 39. hxg5+ fxg5 40. g4 e4 41. Nh4 Rxc1+ 42. Qxc1 Rf8 43. Qc3 Rg8 44. Qf6+ Rg6 45. Nf5# 1-0